Introducción a la sociología del crimen (Registro nro. 11914)

Detalles MARC
000 -Cabecera
Campo de control de longitud fija 00756ntm a22002897a 4500
005 - Fecha y hora de la última transacción
Campo de control 20260216183517.0
008 - Elementos de longitud fija--Información general
Campo de control de longitud fija 190523b2018 xxu||||| |||| 00| 0 spa d
020 ## - International Standard Book Number
Número Internacional Estándar del Libro (ISBN) 9788416383894
041 ## - Idioma
Código de idioma Español
082 ## - Clasificación Decimal Dewey
Número de clasificación 364 G216i
100 ## - Entrada principal--Autor personal
Nombre personal García Magariño, Sergio
9 (RLIN) 53601
245 ## - Título propiamente dicho
Título Introducción a la sociología del crimen
260 ## - Pie de imprenta
Lugar de publicación, distribución, etc. España
260 ## - Pie de imprenta
Nombre del editor, distribuidor, etc. Delta publicaciones
260 ## - Pie de imprenta
Fecha de publicación, distribución, etc. 2018
300 ## - Descripción física
Extensión 128 páginas
490 ## - Serie
Título de la Serie Investigación Criminal
650 ## - Materia general
Temática (materia general) CRIMINOLOGÍA
650 ## - Materia general
Temática (materia general) SOCIOLOGÍA
650 ## - Materia general
Temática (materia general) CRIMEN
650 ## - Materia general
Temática (materia general) SUJETOS CRIMINALES
650 ## - Materia general
Temática (materia general) CRIMINALIDAD
650 ## - Materia general
Temática (materia general) TEORÍAS SOCIOLÓGICAS
650 ## - Materia general
Temática (materia general) TEORÍAS DEL CONFLICTO
650 ## - Materia general
Temática (materia general) FENÓMENOS CRIMINALES
942 ## - Punto de acceso adicional KOHA
Tipo de ítem KOHA Libro
Fuente del sistema de clasificación o colocación Dewey Decimal Classification
Existencias
Signatura completa Código de barras Tipo de ítem
364 G216i 24296 Libro